000
00328nam a22001457a 4500
008
221207b ||||| |||| 00| 0 eng d
020
_a
9780495114260
041
_a
eng
080
_a
616.073
082
_a
616.073YAS
100
_a
12
101
_a
GENETIC
245
_a
HUMAN GENETICS AND SOCIETY
_c
YASHON
942
_2
udc
_c
BK
999
_c
59120
_d
59120